Lépcsők /

Uložené v:
Podrobná bibliografia
Hlavný autor: Kószó, József (Autor)
Médium: Kniha
Jazyk:Hungarian
Vydavateľské údaje: Szeged : Szukits könyvkiadó, 2000
Vydanie:4. vyd.
Predmet:
Tagy: Pridať tag
Žiadne tagy, Buďte prvý, kto otaguje tento záznam!

MARC

LEADER 00000nam a22000003a 4500
001 stu301713
005 20151028110810.9
008 150129s--------hu------------------hun-d
020 |a 963-9151-88-2 
040 |a STU  |b slo 
041 0 |a hun 
044 |a hu 
100 1 |a Kószó, József  |4 aut 
245 1 |a Lépcsők /  |c aut. József Kószó 
250 |a 4. vyd. 
260 |a Szeged :  |b Szukits könyvkiadó,  |c 2000 
300 |a 184 s. 
650 7 |a schody  |2 stusub 
650 7 |a schodisko  |2 stusub 
650 7 |a rampy  |2 stusub 
996 |c V*52103/O-23325  |l VV8  |s P  |a 0  |w stu301713_0001